| 000 | 01371cam a22003498i 4500 | ||
|---|---|---|---|
| 001 | 20703451 | ||
| 003 | EG-ScBUE | ||
| 005 | 20220222102809.0 | ||
| 008 | 181012t2019 flu f b 001 0 eng d | ||
| 020 | _a9781138337152 (hardback : alk. paper) | ||
| 040 |
_aDLC _beng _erda _cDLC _dEG-ScBUE |
||
| 082 | 0 | 4 |
_a515.7 _222 _bMAL |
| 100 | 1 |
_aMalkowsky, Eberhard, _eauthor. |
|
| 245 | 1 | 0 |
_aAdvanced functional analysis / _cEberhard Malkowsky, Vadimir Rakocevic. |
| 246 | 3 | 0 | _aFunctional analysis |
| 264 | 1 |
_aBoca Raton, Florida : _bCRC Press, _c[2019] |
|
| 264 | 4 | _cc2019 | |
| 300 |
_axix, 446 pages ; _c28 cm |
||
| 336 |
_atext _btxt _2rdacontent |
||
| 337 |
_aunmediated _bn _2rdamedia |
||
| 338 |
_avolume _bnc _2rdacarrier |
||
| 504 | _aIncludes bibliographical references and index. | ||
| 505 | 0 | _aFundamentals of linear and topological spaces -- Linear topological spaces -- Linear metric spaces -- Banach spaces -- Hilbert spaces -- Banach algebras -- Measures of noncompactness -- Fredholm theory -- Sequence spaces -- Fixed point theory. | |
| 650 | 7 |
_aFunctional analysis. _2BUEsh |
|
| 653 |
_bGGEN _cFebruary2022 |
||
| 655 |
_vReading book _934232 |
||
| 700 | 1 |
_aRakočević, Vadimir, _eauthor. |
|
| 906 |
_a7 _bcbc _corignew _d1 _eecip _f20 _gy-gencatlg |
||
| 942 |
_2ddc _cBB |
||
| 999 |
_c29809 _d29780 |
||